| 000 | 00670nmm a2200253 a 4500 | ||
|---|---|---|---|
| 003 | AR-BaBNM | ||
| 005 | 20251128204622.0 | ||
| 008 | 277019s1991 ||||||||||||||000 | spa|| | ||
| 020 | _a950-43-3837-2 | ||
| 040 | _cAR-BaBNM | ||
| 100 | 1 | _aRodríguez, Adolfo Enrique | |
| 245 | 1 | 0 |
_aLexicón _bde 16.500 voces y locuciones lunfardas, populares, jergales y extranjeras |
| 260 |
_aBuenos Aires _bLa Llave _c1991 |
||
| 300 | 0 | _a383 p. | |
| 500 | 0 | _aSe incluyen voces juveniles | |
| 650 | 4 | _aDICCIONARIOS | |
| 650 | 4 | _aLENGUAJE FAMILIAR | |
| 650 | 4 | _aJERGA | |
| 650 | 4 | _aEXPRESION | |
| 653 | 0 | _aLUNFARDO | |
| 655 | _aREFERENCIA | ||
| 942 | _cBK | ||
| 998 | _claura | ||
| 999 |
_c8120 _d8120 |
||